Current ethical issues in international business

Ťažiskové determinanty súčasných etických problémov v medzinárodnom prostredí. Etické štandardy v rôznych kultúrnych podmienkach. Princípy systémov etiky podnikania v Európe a v USA. Vývoj a princípy globálnej etiky podnikania.

Gespeichert in:
Bibliographische Detailangaben
1. Verfasser: Dubcová, Gabriela, 1968-
Format: Buchkapitel
Sprache:Englisch
Schlagworte:
Tags: Tag hinzufügen
Keine Tags, Fügen Sie das erste Tag hinzu!

MARC

LEADER 00000naa a2200000 4500
001 0159840
005 20240522091158.8
041 0 |a eng 
044 |a SK 
245 1 0 |a Current ethical issues in international business  |c Gabriela Dubcová 
520 |a Ťažiskové determinanty súčasných etických problémov v medzinárodnom prostredí. Etické štandardy v rôznych kultúrnych podmienkach. Princípy systémov etiky podnikania v Európe a v USA. Vývoj a princípy globálnej etiky podnikania. 
610 2 0 |a etika podnikateľská 
610 2 0 |a etika podniková 
610 2 0 |a štandardy 
610 2 0 |a prostredie ekonomické 
610 2 0 |a zvyklosti kultúrne 
610 2 0 |a USA 
610 2 0 |a Európa 
610 2 0 |a podnikanie medzinárodné 
100 1 |a Dubcová, Gabriela, 1968-